An introduction to sustainable development / (Record no. 18444)
[ view plain ]
| 000 -LEADER | |
|---|---|
| fixed length control field | 01047cam a22002895a 4500 |
| 001 - CONTROL NUMBER | |
| control field | 17066993 |
| 005 - DATE AND TIME OF LATEST TRANSACTION | |
| control field | 20150922135050.0 |
| 008 - FIXED-LENGTH DATA ELEMENTS--GENERAL INFORMATION | |
| fixed length control field | 111202s2013 enka frb 001 0 eng d |
| 020 ## - INTERNATIONAL STANDARD BOOK NUMBER | |
| International Standard Book Number | 0415590736 |
| 020 ## - INTERNATIONAL STANDARD BOOK NUMBER | |
| International Standard Book Number | 9780415590730 |
| 040 ## - CATALOGING SOURCE | |
| Original cataloging agency | DLC |
| Language of cataloging | eng |
| Transcribing agency | DLC |
| Modifying agency | EG-ScBUE |
| 043 ## - GEOGRAPHIC AREA CODE | |
| Geographic area code | d------ |
| 082 04 - DEWEY DECIMAL CLASSIFICATION NUMBER | |
| Classification number | 338.927091724 |
| Item number | ELL |
| Edition number | 22 |
| 100 1# - MAIN ENTRY--PERSONAL NAME | |
| Personal name | Elliott, Jennifer A., |
| Dates associated with a name | 1962- |
| 9 (RLIN) | 36184 |
| 245 13 - TITLE STATEMENT | |
| Title | An introduction to sustainable development / |
| Statement of responsibility, etc | Jennifer A. Elliott. |
| 250 ## - EDITION STATEMENT | |
| Edition statement | 4th ed. |
| 260 ## - PUBLICATION, DISTRIBUTION, ETC. (IMPRINT) | |
| Place of publication, distribution, etc | Oxon ; |
| -- | New York : |
| Name of publisher, distributor, etc | Routledge / Taylor & Francis, |
| Date of publication, distribution, etc | 2013 |
| Place of manufacture | (Croydon, United Kingdom : |
| Manufacturer | CPI Group (UK) Ltd.) |
| 300 ## - PHYSICAL DESCRIPTION | |
| Extent | xviii, 361 p. : |
| Other physical details | ill. ; |
| Dimensions | 24 cm. |
| 490 0# - Series Statement | |
| Series statement | Routledge perspectives on development |
| 500 ## - GENERAL NOTE | |
| General note | Index : p. 351-361. |
| 504 ## - BIBLIOGRAPHY, ETC. NOTE | |
| Bibliography, etc | Bibliography : p. 332-350. |
| 650 #0 - SUBJECT ADDED ENTRY--TOPICAL TERM | |
| Topical term or geographic name as entry element | Sustainable development |
| Geographic subdivision | Developing countries. |
| Source of heading or term | BUEsh |
| 9 (RLIN) | 36185 |
| 650 #0 - SUBJECT ADDED ENTRY--TOPICAL TERM | |
| Topical term or geographic name as entry element | Environmental policy |
| Geographic subdivision | Developing countries. |
| Source of heading or term | BUEsh |
| 9 (RLIN) | 36186 |
| 651 ## - SUBJECT ADDED ENTRY--GEOGRAPHIC NAME | |
| Source of heading or term | BUEsh |
| 653 ## - INDEX TERM--UNCONTROLLED | |
| Resource For college | BAEPS, Political Science |
| -- | Engineering, Architecture |
| Arrived date list | October2014 |
| -- | July2015 |
| 942 ## - ADDED ENTRY ELEMENTS (KOHA) | |
| Source of classification or shelving scheme | Dewey Decimal Classification |
| Call number prefix | 338.927091724 ELL |
| Withdrawn status | Item status | Source of classification or shelving scheme | Damaged status | Not for loan | Vendor | Home library | Current library | Shelving location | Date acquired | Source of acquisition | Cost, normal purchase price | Total Checkouts | Full call number | Barcode | Date last seen | Cost, replacement price | Koha item type | Date last borrowed | Total Renewals | Serial Enumeration / chronology |
|---|---|---|---|---|---|---|---|---|---|---|---|---|---|---|---|---|---|---|---|---|
| Dewey Decimal Classification | Baccah | Central Library | Central Library | First floor | 12/10/2014 | 220.00 | 338.927091724 ELL | 000036567 | 15/07/2025 | 275.00 | NB - Book (Non borrowing) | |||||||||
| Dewey Decimal Classification | Baccah | Central Library | Central Library | First floor | 12/10/2014 | 220.00 | 338.927091724 ELL | 000036568 | 15/07/2025 | 275.00 | Book - Borrowing | |||||||||
| Dewey Decimal Classification | Baccah | Central Library | Central Library | First floor | 12/10/2014 | 220.00 | 338.927091724 ELL | 000036569 | 15/07/2025 | 275.00 | Book - Borrowing | |||||||||
| Dewey Decimal Classification | Baccah | Central Library | Central Library | First floor | 12/10/2014 | 338.927091724 ELL | 000036570 | 15/07/2025 | Book - Borrowing | |||||||||||
| Dewey Decimal Classification | Baccah | Central Library | Central Library | First floor | 12/10/2014 | 2 | 338.927091724 ELL | 000036571 | 15/07/2025 | Book - Borrowing | 20/04/2017 | |||||||||
| Dewey Decimal Classification | Baccah | Central Library | Central Library | First floor | 12/10/2014 | 1 | 338.927091724 ELL | 000036572 | 15/07/2025 | Book - Borrowing | 04/11/2015 | 10 | ||||||||
| Dewey Decimal Classification | Baccah | Central Library | Central Library | First floor | 12/10/2014 | 338.927091724 ELL | 000036573 | 15/07/2025 | Book - Borrowing | |||||||||||
| Dewey Decimal Classification | Baccah | Central Library | Central Library | First floor | 12/10/2014 | 1 | 338.927091724 ELL | 000036574 | 15/07/2025 | Book - Borrowing | 26/03/2017 | 4 | ||||||||
| Dewey Decimal Classification | Baccah | Central Library | Central Library | First floor | 07/07/2015 | 278.00 | 338.927091724 ELL | 000039361 | 15/07/2025 | 348.00 | Book - Borrowing | 21782 |